Novým trendom sú hotelové kiná

Podobne ako wellness centrum, aj kino ponúka atraktívnu celoročnú aktivitu nezávislú od počasia. Vlastné kino priamo v hoteli je zaujímavou súčasťou doplnkových služieb pre pobytovú, ale aj kongresovú klientelu.

Guardado en:
Detalles Bibliográficos
Autor principal: Šoltýs, Henrich
Otros Autores: Lisá, Lea
Formato: Capítulo de libro
Lenguaje:eslovaco
Materias:
Etiquetas: Agregar Etiqueta
Sin Etiquetas, Sea el primero en etiquetar este registro!

MARC

LEADER 00000naa a2200000 4500
001 0236040
005 20170927095243.4
041 0 |a slo 
044 |a SK 
245 1 0 |a Novým trendom sú hotelové kiná  |c Henrich Šoltýs, Lea Lisá 
520 |a Podobne ako wellness centrum, aj kino ponúka atraktívnu celoročnú aktivitu nezávislú od počasia. Vlastné kino priamo v hoteli je zaujímavou súčasťou doplnkových služieb pre pobytovú, ale aj kongresovú klientelu. 
610 2 0 |a služby 
610 2 0 |a hotely 
610 2 0 |a inovácia 
610 2 0 |a film 
610 2 0 |a investície 
610 2 0 |a dizajn 
610 2 0 |a Slovensko 
100 1 |a Šoltýs, Henrich 
700 1 |a Lisá, Lea